000 01080nam a22002777a 4500
003 DO-SdBNP
005 20220628101126.0
007 ta
008 220624b2017 |||a|||f |||| 001 0 spa d
020 _a9790580290441
040 _aDO-SdBNP
_bspa
_cBNPHU
082 4 _222
_a787.87
_bS285o
100 1 _aScarfullery, Rafael
_974923
245 1 0 _aObras completas para la guitarra clásica /
_cRafael Scarfullery
260 _aEstados Unidos :
_bScarfullery Music, LLC,
_c2017.
300 _a2 v. :
_bil. :
_c28 cm
500 _aIncluye 2 volumenes.
500 _aLa portada de arte frontal es una pintura de Ralph Albert Blakelock.
505 _aV.1- A Pleasant Walk -- Caribbean Waltz -- Nostargia -- Classical Danze -- Joy. V.2. Moon Dance -- Sun Dance -- Rain Dance.
534 _eThe front art cover is a painting by Ralph Albert Blakelock.
590 _aInventariado, 2022 / SA
650 4 0 _959543
_aMúsica
_xGuitarra
_vMétodos autodidácticos
650 4 0 _941524
_aMúsica para guitarra
_xLectura musical
_xPartituras
910 _aSaquino
942 _2ddc
_cLBS1
999 _c52109
_d52109